Ajey!: (Record no. 146417)

MARC details
000 -LEADER
fixed length control field 00513nam a22001817a 4500
005 - DATE AND TIME OF LATEST TRANSACTION
control field 20171010151827.0
010 ## - LCCN (DPL NO)
LC control number ENG-120786
020 ## - INTERNATIONAL STANDARD BOOK NUMBER
International Standard Book Number 9789386191182
Terms of availability 450.00
035 ## - SYSTEM CONTROL NUMBER
System control number EN-104318
037 ## - SOURCE OF ACQUISITION
Source of stock number/acquisition DBAD/PUB
082 ## - DEWEY DECIMAL CLASSIFICATION NUMBER
Classification number N
100 ## - MAIN ENTRY--PERSONAL NAME
Personal name Lokendra Singh
245 ## - TITLE STATEMENT
Title Ajey!:
Statement of responsibility, etc by Lokendra singh
Remainder of title the invincible/
260 ## - PUBLICATION, DISTRIBUTION, ETC. (IMPRINT)
Place of publication, distribution, etc New Delhi
Name of publisher, distributor, etc Lifi Publications
Date of publication, distribution, etc 2017
270 ## - ADDRESS
Address 211,2nd floor, Gagandeep12, Rajendra Place
City New Delhi
Postal code 110008
300 ## - PHYSICAL DESCRIPTION
Extent vi,250p
Dimensions 20cm (Hb)
942 ## - ADDED ENTRY ELEMENTS (KOHA)
Source of classification or shelving scheme Dewey Decimal Classification
Item type English Books
Classification part N
Call number suffix LOK
Holdings
Withdrawn status Lost status Not for loan Collection code Home library Current library Date acquired Source of acquisition Cost, normal purchase price Full call number Barcode Copy number Cost, replacement price Koha item type
    Not For Loan Fiction D.B.Act.Division Bawana 10/10/2017 DBAD/PUB 450.00 N LOK EN-104318 1 450.00 English Books

© Delhi Public Library
Hit Counter
free hit counter